| 000 | 00344nam a22001577a 4500 | ||
|---|---|---|---|
| 003 | OSt | ||
| 020 | _a9710804413 | ||
| 040 | _c0 | ||
| 082 |
_222 _a627 |
||
| 100 | _aSimon, Andrew L. | ||
| 245 | _aBasic Hydraulics / | ||
| 250 | _a0 | ||
| 260 |
_bNew York, Goodwill Book store, _cc1979 |
||
| 300 |
_axii, 716p, ; _bNA _c24 cm. |
||
| 942 |
_2ddc _cMEC |
||
| 999 |
_c4713 _d4713 |
||